书目信息 |
| 题名: |
社会革命
|
|
| 作者: | 考茨基 , Kautsky 著 ;何江 , 孙小青 译 | |
| 分册: | ||
| 出版信息: | 北京 人民出版社 1980 |
|
| 页数: | 123页 | |
| 开本: | 21cm | |
| 丛书名: | ||
| 单 册: | ||
| 中图分类: | D04 | |
| 科图分类: | ||
| 主题词: | 社会主义革命--理论 | |
| 电子资源: | ||
| ISBN: | ||
| 000 | 00816nam0 2200289 45 | |
| 001 | 0180008002 | |
| 005 | 20060727151736.50 | |
| 010 | @dCNY0.40 | |
| 091 | @aCN@b3001.1763 | |
| 100 | @a19950516d1980 em y0chiy0121 ea | |
| 101 | 1 | @achi@cger |
| 102 | @aCN@b110000 | |
| 105 | @ay z 000yy | |
| 200 | 10 | @a社会革命@Ashe hui ge ming@f(德)考茨基(K. Kautsky)著@g何江, 孙小青译 |
| 210 | @a北京@c人民出版社@d1980 | |
| 215 | @a123页@d21cm | |
| 300 | @a书名原文:Die Soziale Revolution | |
| 510 | 1 | @aDie Soziale Revolution@zger |
| 606 | @a社会主义革命@x理论 | |
| 690 | @aD04@v3 | |
| 701 | 1 | @a考茨基@Akao ci ji@4著 |
| 701 | A1 | @aKautsky@bK.@4著 |
| 702 | 0 | @a何江@Ahe jiang@4译 |
| 702 | 0 | @a孙小青@Asun xiao qing@4译 |
| 801 | 0 | @aCN@bTSSF@c20060727 |
| 801 | 2 | @aCN@bNLC@c20060722 |
| 905 | @a10447@dD04@e12 | |
| 社会革命/(德)考茨基(K. Kautsky)著/何江, 孙小青译.-北京:人民出版社,1980 |
| 123页;21cm |
| 书名原文:Die Soziale Revolution |
| ISBN :CNY0.40 |
| ● |
| 相关链接 |
|
|
|
|
正题名:社会革命
索取号:D04/12
 
预约/预借
| 序号 | 登录号 | 条形码 | 馆藏地/架位号 | 状态 | 备注 |
| 1 | 0425503 | 204255037 | 密集书库/ [索取号:D04/12] | 在馆 | |
| 2 | 0425504 | 204255046 | 密集书库/ [索取号:D04/12] | 在馆 | |
| 3 | 0425505 | 204255055 | 密集书库/ [索取号:D04/12] | 在馆 | |
| 4 | 0440044 | 204400442 | 密集书库/ [索取号:D04/12] | 在馆 |